000 00630nam a2200181 a 4500
008 120416s1994 ||||||||||||||||| || u
020 _a0521478758
050 _aHD 87 Dem
100 _aWoo, Wing Thye
245 1 0 _aEconomic policy: a European forum, lessons for reform
_cedited by Georges de Menil
260 _aCambridge:
_bCUP
_c1994
300 _a204p. : ill.
350 _a0.00
650 0 _aECONOMIC POLICY
650 0 _aECONOMICS
700 _ade Menil, Georges
995 _D0.00
_FCBU-MAIN LIBRARY (Kitwe)
_H1
_I40.00
_M1
_UAVAILABLE
_ZAnnex Low-Usage Collection
999 _c40883
_d40883